| 000 | 01459nam a2200385 a 4500 | ||
|---|---|---|---|
| 001 | 000002622 | ||
| 003 | DO-SdBNP | ||
| 005 | 20220930090414.0 | ||
| 007 | 000002622 | ||
| 008 | 090703s2006 dr a 000 0 spa d | ||
| 020 | _a9945851357 (v.1) | ||
| 020 | _a9945851381 (v.2) | ||
| 020 | _a9789945851335 | ||
| 040 |
_aBPMSU _bspa _cBPMSU |
||
| 082 | 4 |
_a972.9356 _bB928s, 2006 _222 |
|
| 100 | 1 |
_aBueno, Arturo, _d1888-1979 |
|
| 245 | 1 | 0 |
_aSantiago : _bquien te vió y quien te ve / _cArturo Bueno ; edición Eleanor Grimaldi Silié. |
| 250 | _a2a ed. | ||
| 260 |
_aSanto Domingo : _bSociedad Dominicana de Bibliófilos, _c2006. |
||
| 300 |
_a2 v. _ail. ; _c23 cm. |
||
| 490 | 0 | _aBibliófilos 2000 | |
| 500 | _aIncluye índice onomástico. | ||
| 504 | _aIncluye referencias bibliográficas y notas al pie de las páginas. | ||
| 590 | _6Inventariado, 2022/VM | ||
| 650 | 4 |
_aCiudades y pueblos _zRepública Dominicana |
|
| 651 | 4 |
_aSantiago de los Caballeros (República Dominicana) _xHistoria local |
|
| 651 | 4 |
_aSantiago de los Caballeros (República Dominicana) _xHistoria _vAnecdotas, chistes, satiras, etc. |
|
| 651 | 4 |
_a Santiago de los Caballeros (República Dominicana) _xVida social y costrumbres |
|
| 700 | 1 |
_aGrimaldi Silié, Eleanor, _eed. |
|
| 700 | 1 |
_aSuárez, Mario, _eed. |
|
| 700 | 1 | _aMella, Mariano, | |
| 710 | 2 | _aSociedad Dominicana de Bibliófilos | |
| 910 | _aVMateo V./Validado. Control de calidad BNPHU | ||
| 942 |
_2ddc _cBK |
||
| 999 |
_c8157 _d8157 |
||